La Iberización en el País Valenciano / por D. Fletcher, E. Pla, M. Gil-Mascarell y C. Aranegui
Descripción Física:
p. 75-92 . il. ; 27 cm
Colección:
Monografies ; 52
Materias:
Ibers -- País Valencià
MARC
| LEADER | 00000nam a2200000Ia 4500 | ||
|---|---|---|---|
| 001 | 7818 | ||
| 008 | 160829s1976 - 78 xx 000 0 cat d | ||
| 080 | |a FU-21-39 | ||
| 245 | |a La Iberización en el País Valenciano / por D. Fletcher, E. Pla, M. Gil-Mascarell y C. Aranegui | ||
| 260 | |a Barcelona : |b Diputació. Institut de Prehistòria i Arqueologia, |c 1976 - 78 | ||
| 300 | |a p. 75-92 . il. ; |c 27 cm | ||
| 490 | |a Monografies ; 52 | ||
| 590 | |a Separata d'Ampurias ; 38-40. | ||
| 590 | |a Simposi Internacional : Els orígens del món ibèric. Barcelona - Empúries, 1977 | ||
| 650 | |a Ibers |x País Valencià |9 33974 | ||
| 700 | |a Institut de Prehistòria i Arqueologia (Barcelona) | ||
| 700 | |a Fletcher i Valls, Domènec |9 35819 | ||
| 901 | |a Arxiu | ||
| 942 | |n 1 | ||
| 952 | |0 0 |1 0 |4 0 |6 FU2139 |7 1 |9 47086 |a Arxiu |b Arxiu |d 2016-12-01 |l 0 |o FU-21-39 |p 7818 |r 2016-12-01 00:00:00 |w 2016-12-01 |y ARXIU | ||
| 999 | |c 50880 |d 50880 | ||